[Event "53rd Rilton Cup 2025-26"]
[Site "Stockholm SWE"]
[Date "2025.12.27"]
[Round "1.1"]
[White "Demchenko, Anton"]
[Black "Vijayakumar, Rishi"]
[Result "1-0"]
[WhiteTitle "GM"]
[BlackTitle "FM"]
[WhiteElo "2631"]
[BlackElo "2280"]
[WhiteFideId "4160258"]
[BlackFideId "2408953"]
[EventDate "2025.12.27"]

1. e4 e5 2. Nf3 Nc6 3. Bc4 Nf6 4. d3 Bc5 5. Bg5 h6 6. Bh4 d6 7. c3 a5 8. Nbd2
Ba7 9. O-O g5 10. Bg3 O-O 11. a4 Kh8 12. Kh1 Nh7 13. d4 h5 14. h4 g4 15. Ne1
exd4 16. Nd3 Qe8 17. Bb5 Bd7 18. Qb3 Qe6 19. Bc4 Qh6 20. Rad1 f6 21. Be6 Bxe6
22. Qxe6 Rfe8 23. Qb3 Rab8 24. Nf4 Ng5 25. f3 gxf3 26. hxg5 fxg5 27. Nd5 h4 28.
Bh2 g4 29. Nxf3 gxf3 30. Rxf3 Rxe4 31. Rdf1 Ne5 32. Rf6 Qg7 33. Qd1 Ng4 34. Qf3
Rbe8 35. Rf7 Qg6 36. Ne7 R4xe7 37. Rxe7 Rg8 38. Bg1 Ne5 39. Qf6+ Qxf6 40. Rxf6
Ng6 41. Rxc7 Bb8 42. Rxb7 d3 43. Bd4 1-0

[Event "53rd Rilton Cup 2025-26"]
[Site "Stockholm SWE"]
[Date "2025.12.27"]
[Round "1.2"]
[White "Wernberg, Hugo"]
[Black "Hammer, Jon Ludvig"]
[Result "0-1"]
[WhiteTitle "FM"]
[BlackTitle "GM"]
[WhiteElo "2278"]
[BlackElo "2606"]
[WhiteFideId "1737511"]
[BlackFideId "1503707"]
[EventDate "2025.12.27"]

1. Nf3 c5 2. b3 d6 3. c4 e5 4. Nc3 g6 5. g3 Bg7 6. Bg2 Ne7 7. O-O Nbc6 8. Bb2
O-O 9. d3 Rb8 10. Ne1 Be6 11. Nc2 d5 12. e4 d4 13. Nd5 f5 14. Ba3 b6 15. b4 fxe4
16. dxe4 b5 17. cxb5 Rxb5 18. Nxe7+ Qxe7 19. bxc5 Bh6 20. Ne1 Ra5 21. Bc1 Bxc1
22. Rxc1 Rxc5 23. Nd3 Rc3 24. f4 Qa3 25. Rxc3 dxc3 26. Qc1 Qxc1 27. Rxc1 Nd4 28.
Kf2 c2 29. Ke3 Bxa2 30. Nxe5 Rd8 31. Bf1 Bb1 32. Bc4+ Kf8 33. Nf7 Nf5+ 34. Ke2
Rd1 35. Rxd1 cxd1=Q+ 36. Kxd1 Ne3+ 37. Kc1 Nxc4 38. Ng5 Bd3 39. Nxh7+ Ke7 40. f5
gxf5 41. exf5 Bxf5 42. Ng5 Kd6 43. h4 a5 44. Nf3 Kc5 45. g4 Bxg4 46. Nd2 Ne5 47.
Nb3+ Kb4 48. Nxa5 Kxa5 49. Kd2 Bh5 50. Ke3 Kb5 51. Ke4 Nf3 52. Kd5 Kb4 53. Ke6
Kc5 54. Kf6 Kd4 55. Kf5 Ke3 56. Ke6 Ke4 57. Kf6 Kf4 58. Ke6 Nxh4 59. Kd5 Nf5 60.
Kc4 Ke4 61. Kc3 Bf7 0-1

[Event "53rd Rilton Cup 2025-26"]
[Site "Stockholm SWE"]
[Date "2025.12.27"]
[Round "1.4"]
[White "Nayak, Rajesh"]
[Black "Meshkovs, Nikita"]
[Result "1/2-1/2"]
[WhiteTitle "FM"]
[BlackTitle "GM"]
[WhiteElo "2277"]
[BlackElo "2561"]
[WhiteFideId "35017152"]
[BlackFideId "11602740"]
[EventDate "2025.12.27"]

1. e4 c5 2. Nf3 Nc6 3. Nc3 e6 4. d4 cxd4 5. Nxd4 Qc7 6. Ncb5 Qb8 7. Bd3 Nf6 8.
O-O Be7 9. Qe2 O-O 10. c4 a6 11. Nxc6 dxc6 12. Nd4 Rd8 13. Be3 e5 14. Nb3 b5 15.
Rfd1 Be6 16. Nc5 bxc4 17. Bxc4 Rxd1+ 18. Rxd1 Bxc5 19. Bxc5 Bxc4 20. Qxc4 Qxb2
21. Qxa6 Re8 22. Qxc6 Qc2 23. Re1 h5 24. h3 Qxa2 25. Be3 Rb8 26. Kh2 Re8 27. Kg1
Kh7 28. Bg5 Re6 29. Qc3 Kg8 30. Qf3 Qc2 31. g3 Rb6 32. Kg2 Nh7 33. Rc1 Nxg5 34.
Rxc2 Nxf3 35. Kxf3 Rb3+ 36. Kg2 g5 37. Rc5 f6 38. f4 h4 39. fxe5 Rxg3+ 40. Kh2
Kf7 41. exf6 Kxf6 42. Rf5+ Kg6 43. Ra5 Re3 44. Ra6+ Kh5 45. Re6 Re2+ 46. Kg1 Ra2
47. Kh1 Ra5 48. Kg2 Rc5 49. Kh2 Rc2+ 50. Kg1 Re2 51. Kh1 Re3 52. Kg2 Re2+ 53.
Kh1 Re3 54. Kg2 1/2-1/2

[Event "53rd Rilton Cup 2025-26"]
[Site "Stockholm SWE"]
[Date "2025.12.27"]
[Round "1.5"]
[White "Horvath, Dominik"]
[Black "Gallagher, Daniel GH"]
[Result "1/2-1/2"]
[WhiteTitle "GM"]
[WhiteElo "2557"]
[BlackElo "2277"]
[WhiteFideId "1642561"]
[BlackFideId "436550"]
[EventDate "2025.12.27"]

1. g3 e5 2. Nf3 e4 3. Nh4 d5 4. d3 Nf6 5. Nc3 Bb4 6. a3 Bxc3+ 7. bxc3 O-O 8. f3
exf3 9. Nxf3 Re8 10. Bg2 Qe7 11. O-O Ng4 12. Qd2 Nd7 13. h3 Ne3 14. Qxe3 Qxe3+
15. Bxe3 Rxe3 16. Kf2 Re7 17. Nd2 Nf6 18. c4 c6 19. g4 dxc4 20. Nxc4 h5 21. g5
Nd5 22. h4 Bg4 23. e4 Nf4 24. Bh1 Rf8 25. Kg3 Ne2+ 26. Kh2 f6 27. gxf6 gxf6 28.
Ne3 Nd4 29. Rf2 f5 30. Raf1 Ref7 31. exf5 Nxf5 32. Nxf5 Rxf5 33. Rxf5 Rxf5 34.
Rxf5 Bxf5 35. Kg3 Kg7 36. Kf4 Kf6 37. Bf3 Bg6 38. d4 Bf7 39. c3 a5 40. Be2 b6
41. c4 c5 42. d5 Be8 43. Bd1 Bg6 44. Be2 Be8 45. Bf3 Bg6 46. Be4 Be8 47. Bd3 Bd7
48. Be2 Be8 49. Bf3 Bg6 50. Be4 Be8 51. Bf5 Ba4 52. Bc8 Bb3 53. Ba6 Bd1 54. Bb5
Bg4 55. Be8 Be2 56. Bb5 1/2-1/2

[Event "53rd Rilton Cup 2025-26"]
[Site "Stockholm SWE"]
[Date "2025.12.27"]
[Round "1.6"]
[White "Daakshin, Arun"]
[Black "Bauer, Christian"]
[Result "1-0"]
[WhiteTitle "FM"]
[BlackTitle "GM"]
[WhiteElo "2274"]
[BlackElo "2552"]
[WhiteFideId "366195016"]
[BlackFideId "603767"]
[EventDate "2025.12.27"]

1. d4 d6 2. e4 Nf6 3. Bd3 e5 4. c3 d5 5. dxe5 Nxe4 6. Nf3 Nc6 7. O-O Bg4 8. Nbd2
Nc5 9. Be2 Be7 10. b4 Ne6 11. Nb3 a6 12. h3 Bh5 13. Be3 O-O 14. a4 Re8 15. Qd2
f6 16. exf6 Bxf6 17. Rad1 Bf7 18. Rfe1 Ne7 19. Bd3 Ng6 20. Bf5 c6 21. a5 Qc7 22.
Bxe6 Rxe6 23. Nc5 Re7 24. Bd4 Bxd4 25. Qxd4 Rae8 26. Rxe7 Rxe7 27. Re1 Rxe1+ 28.
Nxe1 Nf4 29. Qe3 h6 30. Nf3 Ng6 31. Nd4 Kh8 32. Nf5 Nf4 33. Kh1 Bg6 34. Nd4 Qf7
35. Nf3 Be4 36. Nxe4 1-0

[Event "53rd Rilton Cup 2025-26"]
[Site "Stockholm SWE"]
[Date "2025.12.27"]
[Round "1.7"]
[White "Dai, Changren"]
[Black "Georgescu, Lena"]
[Result "1-0"]
[WhiteTitle "GM"]
[BlackTitle "FM"]
[WhiteElo "2551"]
[BlackElo "2273"]
[WhiteFideId "8608156"]
[BlackFideId "1331973"]
[EventDate "2025.12.27"]

1. e4 e5 2. Nf3 Nc6 3. Bb5 Nf6 4. d3 Bc5 5. O-O Nd4 6. Nxd4 Bxd4 7. Ba4 O-O 8.
c3 Bb6 9. Bg5 h6 10. Bh4 c6 11. Kh1 g5 12. Bg3 Re8 13. Nd2 d5 14. Qe2 Bc7 15.
Rfe1 b5 16. Bc2 a5 17. Nf1 a4 18. Ne3 d4 19. cxd4 exd4 20. Nf1 Nd5 21. Bxc7 Qxc7
22. g3 a3 23. bxa3 Nc3 24. Qh5 Kg7 25. Nd2 Rxa3 26. f4 Qd8 27. Rf1 g4 28. Bb3
Rf8 29. h3 f5 30. hxg4 fxg4 31. Kg2 Ra7 32. Rh1 Qf6 33. Rh4 Re7 34. Rah1 Rh8 35.
f5 Bxf5 36. Rf1 Bg6 37. Rxg4 Kh7 38. Qxh6+ Kxh6 39. Rxf6 Rg7 40. Nf3 1-0

[Event "53rd Rilton Cup 2025-26"]
[Site "Stockholm SWE"]
[Date "2025.12.27"]
[Round "1.8"]
[White "Vihaan Karthikeya N"]
[Black "Li, Di"]
[Result "0-1"]
[WhiteTitle "CM"]
[BlackTitle "GM"]
[WhiteElo "2273"]
[BlackElo "2549"]
[WhiteFideId "25950673"]
[BlackFideId "8607508"]
[EventDate "2025.12.27"]

1. d4 d5 2. c4 c6 3. Nc3 Nf6 4. Nf3 g6 5. Bg5 Ne4 6. Bf4 Nxc3 7. bxc3 dxc4 8. e4
b5 9. a4 Bg7 10. Be2 a5 11. Qc2 Nd7 12. O-O O-O 13. Rfd1 Qe8 14. d5 Nc5 15. dxc6
Qxc6 16. axb5 Qxe4 17. Qxe4 Nxe4 18. Bxc4 Nxc3 19. Re1 Bb7 20. Ne5 Bd5 21. b6
Bxc4 22. Nxc4 Nd5 23. Be5 Bxe5 24. Rxe5 e6 25. b7 Ra7 26. Nd6 Rb8 27. Re4 Ra6
28. Nc4 Rxb7 29. Kf1 a4 30. Ke1 Rb4 31. Nd2 a3 32. Rxb4 Nxb4 33. Kd1 a2 34. f3
Rc6 0-1

[Event "53rd Rilton Cup 2025-26"]
[Site "Stockholm SWE"]
[Date "2025.12.27"]
[Round "1.9"]
[White "Heberla, Bartlomiej"]
[Black "Knudsen, Simon"]
[Result "1-0"]
[WhiteTitle "GM"]
[BlackTitle "FM"]
[WhiteElo "2508"]
[BlackElo "2271"]
[WhiteFideId "1115120"]
[BlackFideId "12985546"]
[EventDate "2025.12.27"]

1. Nf3 Nf6 2. c4 g6 3. Nc3 Bg7 4. e4 c5 5. d4 cxd4 6. Nxd4 O-O 7. Be2 Nc6 8. Be3
d6 9. O-O a5 10. Ndb5 a4 11. Nxa4 Nxe4 12. Nb6 Ra6 13. Nxc8 Qxc8 14. f3 Nc5 15.
Qd2 Qd8 16. Bh6 Qb6 17. Kh1 Bxh6 18. Qxh6 Ne6 19. f4 Ng7 20. Qh3 Qc5 21. a3 Qf5
22. Qc3 Rc8 23. Rad1 Nd8 24. Nd4 Qf6 25. g4 e5 26. Nb5 Qe7 27. f5 d5 28. Rxd5 f6
29. Qd2 Nf7 30. Rd7 Qe8 31. b4 e4 32. Qd5 gxf5 33. gxf5 Rd8 34. Rxd8 Qxd8 35.
Qxb7 Rb6 36. Qxe4 Rb8 37. c5 Qd2 38. Rd1 Qb2 39. Bc4 1-0

[Event "53rd Rilton Cup 2025-26"]
[Site "Stockholm SWE"]
[Date "2025.12.27"]
[Round "1.10"]
[White "Rasti, Arvin"]
[Black "Seemann, Jakub"]
[Result "1-0"]
[WhiteTitle "FM"]
[BlackTitle "GM"]
[WhiteElo "2270"]
[BlackElo "2507"]
[WhiteFideId "1741160"]
[BlackFideId "21874697"]
[EventDate "2025.12.27"]

1. c4 e5 2. Nc3 Nf6 3. Nf3 Nc6 4. e4 Bb4 5. d3 d6 6. a3 Bc5 7. b4 Bb6 8. Na4 Bd4
9. Rb1 Bg4 10. Be2 Bxf3 11. Bxf3 a6 12. Qd2 Ba7 13. O-O Nd4 14. Bd1 b5 15. Nc3
c6 16. Kh1 O-O 17. Qg5 Nd7 18. Qg3 Qe7 19. Ne2 bxc4 20. dxc4 Nf6 21. Bg5 Ne6 22.
Bh4 h6 23. Qd3 g5 24. Bg3 Nf4 25. Bxf4 exf4 26. Bc2 Rfe8 27. Nd4 Qxe4 28. Nf5
Qxd3 29. Bxd3 Re6 30. Nxh6+ Kf8 31. Nf5 Ng4 32. Kg1 Rae8 33. Rbd1 Rf6 34. Bb1 d5
35. c5 a5 36. Rfe1 Rb8 37. Re7 Rxf5 38. Rxa7 Re5 39. h3 Nf6 40. Rxa5 Rbe8 41.
Rf1 g4 42. hxg4 Nxg4 43. b5 f3 44. gxf3 Nf6 45. f4 Rh5 46. b6 Rb8 47. Kg2 Kg7
48. Rh1 Rxh1 49. Kxh1 d4 50. Ra4 Nd7 51. Rc4 Kf6 52. a4 Ra8 53. Be4 Ra5 54. b7 1-0

[Event "53rd Rilton Cup 2025-26"]
[Site "Stockholm SWE"]
[Date "2025.12.27"]
[Round "1.11"]
[White "Ghasi, Ameet K"]
[Black "Wagner, Stephan"]
[Result "1-0"]
[WhiteTitle "GM"]
[WhiteElo "2500"]
[BlackElo "2270"]
[WhiteFideId "409200"]
[BlackFideId "1613251"]
[EventDate "2025.12.27"]

1. Nf3 d5 2. c4 c6 3. e3 Nf6 4. Nc3 a6 5. b3 Bf5 6. Bb2 h6 7. d4 e6 8. Bd3 Bxd3
9. Qxd3 Bb4 10. O-O O-O 11. a3 Bxc3 12. Qxc3 Ne4 13. Qc2 Nd7 14. a4 f5 15. Ne1
Qh4 16. f3 Nef6 17. Nd3 Nh5 18. Ba3 Rf7 19. Bd6 Re8 20. c5 Qd8 21. b4 g5 22. b5
Qa5 23. b6 e5 24. dxe5 Ng7 25. e4 dxe4 26. fxe4 f4 27. Qc4 Qd2 28. Rf2 Qa5 29.
g3 Ne6 30. Raf1 f3 31. Rc2 g4 32. Nc1 f2+ 33. Kg2 Rf3 34. Nd3 Kg7 35. Rcxf2 Ng5
36. Nf4 Nxe5 37. Qd4 Nf7 38. Rxf3 gxf3+ 39. Rxf3 Kh7 40. Nh5 Kg6 41. Rxf7 Qe1
42. Rf6+ Kxh5 43. Bxe5 1-0

[Event "53rd Rilton Cup 2025-26"]
[Site "Stockholm SWE"]
[Date "2025.12.27"]
[Round "1.12"]
[White "Asllani, Dorian"]
[Black "Blomqvist, Erik"]
[Result "0-1"]
[WhiteTitle "FM"]
[BlackTitle "GM"]
[WhiteElo "2269"]
[BlackElo "2490"]
[WhiteFideId "1341332"]
[BlackFideId "1709437"]
[EventDate "2025.12.27"]

1. Nf3 d5 2. e3 c5 3. d4 Nf6 4. c4 cxd4 5. exd4 g6 6. Nc3 Bg7 7. Bg5 Ne4 8. cxd5
Nxg5 9. Bb5+ Bd7 10. Nxg5 Bxb5 11. Nxb5 O-O 12. O-O Qxd5 13. Nc7 Qxg5 14. Nxa8
Nc6 15. d5 Nd4 16. Nc7 Rc8 17. f4 Qf6 18. Rc1 Qb6 19. d6 Ne2+ 20. Kh1 Nxc1 21.
d7 Rd8 22. Nd5 Qd6 23. Qxc1 Qxd5 24. Rd1 Qc6 0-1

[Event "53rd Rilton Cup 2025-26"]
[Site "Stockholm SWE"]
[Date "2025.12.27"]
[Round "1.13"]
[White "Raczek, Krzysztof"]
[Black "Wuebker, Paul-Luca"]
[Result "1-0"]
[WhiteTitle "IM"]
[BlackTitle "CM"]
[WhiteElo "2489"]
[BlackElo "2269"]
[WhiteFideId "21005303"]
[BlackFideId "12939528"]
[EventDate "2025.12.27"]

1. c4 Nf6 2. Nc3 Nc6 3. d4 e5 4. d5 Ne7 5. Nf3 Ng6 6. h4 h5 7. a3 d6 8. g3 Be7
9. Bg2 Nf8 10. e4 a5 11. Ng5 c6 12. O-O Ng4 13. c5 f6 14. Nh3 dxc5 15. Qe2 Qc7
16. Rd1 Bd7 17. f3 Nh6 18. Be3 Nf7 19. Rac1 a4 20. Nf2 b5 21. dxc6 Qxc6 22. Nd5
c4 23. Nxe7 Kxe7 24. Qd2 Ne6 25. Qb4+ Ke8 26. Rd2 Qc7 27. Rcd1 Bc6 28. Bh3 Nfd8
29. Qd6 Qxd6 30. Rxd6 Nd4 31. Bxd4 exd4 32. R1xd4 Ke7 33. Nd1 Re8 34. Ne3 Kf8
35. Kf2 Rb8 36. Bf5 Ba8 37. Bg6 Nc6 38. Bxe8 Nxd4 39. Rxd4 Kxe8 40. Rd6 Rc8 41.
Rb6 Bc6 42. Nf5 Kd8 43. Nd6 Rc7 44. Rb8+ Ke7 45. Nf5+ Kf7 46. Nd4 Bd7 47. Ne2 f5
48. exf5 Rc5 49. Rb7 Ke8 50. g4 hxg4 51. fxg4 Rd5 52. Nf4 Rd2+ 53. Ke3 Rxb2 54.
Ng6 Rb3+ 55. Kd4 Kd8 56. Ne5 Be8 57. Rxg7 c3 58. Kd3 c2+ 59. Kxc2 Re3 60. Nd3
Bc6 61. f6 Be4 62. Rg8+ Kd7 63. f7 Bxd3+ 64. Kd2 1-0

[Event "53rd Rilton Cup 2025-26"]
[Site "Stockholm SWE"]
[Date "2025.12.27"]
[Round "1.14"]
[White "Harshit, Ranjan Sahu"]
[Black "Kulaots, Kaido"]
[Result "1-0"]
[WhiteTitle "CM"]
[BlackTitle "GM"]
[WhiteElo "2265"]
[BlackElo "2482"]
[WhiteFideId "25638815"]
[BlackFideId "4500261"]
[EventDate "2025.12.27"]

1. e4 c6 2. d4 d5 3. exd5 cxd5 4. Bd3 Nc6 5. c3 e6 6. Nf3 Bd6 7. O-O Nge7 8. Re1
O-O 9. Nbd2 f6 10. c4 Kh8 11. a3 Nf5 12. Nb3 Nce7 13. Qc2 b6 14. c5 Bc7 15. Bd2
g5 16. h3 Rg8 17. g4 Nh4 18. Nxh4 gxh4 19. Bxh7 Rg7 20. Bd3 bxc5 21. Nxc5 Qd6
22. f4 Nc6 23. Be3 e5 24. Qf2 e4 25. Be2 Ne7 26. Kh1 f5 27. g5 Ng6 28. Rf1 a5
29. b4 axb4 30. axb4 Rb8 31. b5 Bd8 32. Ra2 Rh7 33. Rfa1 Bb6 34. Ra4 Re7 35. Bf1
Kg7 36. Ra8 Re8 37. Qe2 Rd8 38. Qd2 Rf8 39. Be2 Rh8 40. Qc1 Rd8 41. R1a2 Bd7 42.
R8a6 Bc8 43. R6a3 Bd7 44. Rc3 Ne7 45. Rac2 Be8 46. Ra2 Bd7 47. Bd2 Bc8 48. Rcc2
Re8 49. Bb4 Qd8 50. Nb3 Bb7 51. Nc5 Bc8 52. Ra3 Ng6 53. Bh5 Rh8 54. Bxg6 Kxg6
55. Na6 Rb7 56. Rc6+ Kg7 57. Bd6 Re8 58. Nc5 Rf7 59. Ra8 1-0

[Event "53rd Rilton Cup 2025-26"]
[Site "Stockholm SWE"]
[Date "2025.12.27"]
[Round "1.15"]
[White "Sengupta, Deep"]
[Black "Nagarkatte Vedant"]
[Result "1-0"]
[WhiteTitle "GM"]
[BlackTitle "FM"]
[WhiteElo "2479"]
[BlackElo "2264"]
[WhiteFideId "5008352"]
[BlackFideId "25636227"]
[EventDate "2025.12.27"]

1. e4 e5 2. Nf3 Nc6 3. Bb5 a6 4. Ba4 Nf6 5. d3 d6 6. O-O g6 7. c3 Bg7 8. Nbd2
O-O 9. Re1 h6 10. h3 Re8 11. a3 Bd7 12. Nf1 g5 13. N3h2 b5 14. Bb3 Ne7 15. Ng4
Ng6 16. Ng3 Nf4 17. Ne3 Be6 18. Bc2 d5 19. Nef5 dxe4 20. dxe4 Qxd1 21. Rxd1 Bf8
22. Be3 Red8 23. a4 Rdb8 24. a5 Rd8 25. f3 N6h5 26. Nxh5 Nxh5 27. h4 f6 28. Kf2
Rxd1 29. Rxd1 Nf4 30. b4 Ng6 31. h5 Ne7 32. Bc5 Nxf5 33. exf5 Bf7 34. Be4 Bxc5+
35. bxc5 Rb8 36. Rd7 b4 37. cxb4 Rxb4 38. Rxc7 Kf8 39. c6 Rc4 40. Rxf7+ 1-0

[Event "53rd Rilton Cup 2025-26"]
[Site "Stockholm SWE"]
[Date "2025.12.27"]
[Round "1.16"]
[White "Hedman, Erik"]
[Black "Dotzer, Lukas"]
[Result "0-1"]
[WhiteTitle "IM"]
[BlackTitle "IM"]
[WhiteElo "2263"]
[BlackElo "2478"]
[WhiteFideId "1702351"]
[BlackFideId "1666975"]
[EventDate "2025.12.27"]

1. g3 d5 2. c4 e6 3. cxd5 exd5 4. Bg2 Nf6 5. Nf3 Be7 6. O-O O-O 7. b3 d4 8. Na3
c5 9. Nc4 Nc6 10. e3 Bf5 11. exd4 cxd4 12. Bb2 Nb4 13. Nxd4 Bd3 14. Ne2 Bc2 15.
Qc1 Bd3 16. Qd1 Bc2 17. Qc1 b5 18. Nd4 Be4 19. Bxe4 Nxe4 20. Nxb5 Qd7 21. Nc3
Ng5 22. Qd1 Qb7 23. f3 Nd3 24. h4 Ne6 25. Ne2 Rac8 26. Bc3 Rfd8 27. Kg2 Rc5 28.
Qc2 Qd5 29. Rh1 Qf5 30. Ne3 Qg6 31. Rag1 f5 32. h5 Qe8 33. b4 Rc7 34. Qb3 Qf7
35. f4 Rb7 36. Nc4 Bxb4 37. Rb1 Nec5 38. Qc2 Qxc4 0-1

[Event "53rd Rilton Cup 2025-26"]
[Site "Stockholm SWE"]
[Date "2025.12.27"]
[Round "1.17"]
[White "Cieslak, Patryk"]
[Black "Lain, Luigi"]
[Result "1-0"]
[WhiteTitle "IM"]
[WhiteElo "2477"]
[BlackElo "2263"]
[WhiteFideId "21078882"]
[BlackFideId "813001"]
[EventDate "2025.12.27"]

1. e4 e5 2. Nf3 Nc6 3. Bb5 a6 4. Ba4 Nf6 5. d3 b5 6. Bb3 Bc5 7. c3 d6 8. Bg5 h6
9. Bh4 g5 10. Bg3 Bb7 11. Nbd2 Nh5 12. Bd5 Nf6 13. Bb3 Nh5 14. Nxe5 Nxg3 15.
Bxf7+ Kf8 16. Ng6+ Kxf7 17. Nxh8+ Kg7 18. hxg3 Qf6 19. d4 Nxd4 20. cxd4 Bxd4 21.
O-O Rf8 22. Nf3 Bxb2 23. Qc2 Qc3 24. Rac1 b4 25. Ng6 Rf7 26. Qb1 Bxc1 27. Rxc1
Qf6 28. Nge5 dxe5 29. Qxb4 Qb6 30. Qc3 Kh7 31. Qxe5 g4 32. Qh5 Rg7 33. Qf5+ Qg6
34. Nh4 Bxe4 35. Qe5 1-0

[Event "53rd Rilton Cup 2025-26"]
[Site "Stockholm SWE"]
[Date "2025.12.27"]
[Round "1.18"]
[White "Romanishin, Oleg M"]
[Black "Willow, Jonah B"]
[Result "1/2-1/2"]
[WhiteTitle "GM"]
[BlackTitle "IM"]
[WhiteElo "2262"]
[BlackElo "2473"]
[WhiteFideId "14100088"]
[BlackFideId "438804"]
[EventDate "2025.12.27"]

1. Nf3 Nf6 2. g3 c5 3. Bg2 Nc6 4. c4 d5 5. cxd5 Nxd5 6. Nc3 Nc7 7. Qa4 Bd7 8.
Qe4 g6 9. Ne5 Bg7 10. Nxd7 Qxd7 11. O-O O-O 12. d3 Nd4 13. Rb1 f5 14. Qh4 Rad8
15. Bh6 Bf6 16. Qh3 Rfe8 17. a4 b6 18. Rfd1 e6 19. Bh1 Nd5 20. Qf1 Qf7 21. h4
Qe7 22. e3 Nc6 23. Nxd5 exd5 24. d4 c4 25. b3 Na5 26. bxc4 dxc4 27. Rb5 Rc8 28.
Rxa5 bxa5 29. Bd5+ Kh8 30. Bxc4 Red8 31. Bf4 Kg7 32. Ba6 Rc3 33. Qb5 Rc5 34. Qb3
Rc6 35. Bb5 Rcc8 36. Ba6 Rc6 37. Bb5 Rcc8 38. Ba6 1/2-1/2

[Event "53rd Rilton Cup 2025-26"]
[Site "Stockholm SWE"]
[Date "2025.12.27"]
[Round "1.19"]
[White "Bronstein, Or"]
[Black "Nielsen, Andre"]
[Result "1/2-1/2"]
[WhiteTitle "IM"]
[BlackTitle "FM"]
[WhiteElo "2470"]
[BlackElo "2261"]
[WhiteFideId "2815770"]
[BlackFideId "1518240"]
[EventDate "2025.12.27"]

1. d4 Nf6 2. c4 e6 3. Nc3 Bb4 4. e3 b6 5. Ne2 Ne4 6. Bd2 Nxd2 7. Qxd2 d5 8. cxd5
exd5 9. a3 Be7 10. g3 c6 11. Bg2 Nd7 12. b4 a6 13. O-O O-O 14. Nf4 Bb7 15. Rfd1
b5 16. e4 Nb6 17. Nd3 dxe4 18. Nxe4 Qxd4 19. Rac1 Nc4 20. Qe2 Qb6 21. Ndc5 Bc8
22. a4 Bf5 23. Nd7 Bxd7 24. Rxd7 Rfe8 25. Qh5 h6 26. Re1 Rad8 27. Nf6+ gxf6 28.
Rexe7 Rxe7 29. Rxe7 Ne5 30. h3 Kf8 31. Rxe5 fxe5 32. Qxh6+ Ke7 33. Qg5+ Ke6 34.
axb5 Rd1+ 35. Kh2 Rd4 36. bxc6 Rxb4 37. Qh6+ Ke7 38. Qg5+ Ke6 39. Qg8 Qb8 40.
Qh7 Qb6 41. Qd3 Rd4 42. Qc2 Kd6 43. h4 Qc7 44. h5 Ke7 45. h6 Rd6 46. Qc1 Kf8 47.
Qg5 Rg6 48. Qh4 Kg8 49. Be4 f5 50. Bxf5 Qxc6 51. Qd8+ Kf7 52. Bxg6+ Kxg6 53. Qh8
Qf6 54. Qe8+ Kxh6 55. Kg2 Kg7 56. Qd7+ Kf8 57. Qd5 Ke7 58. Qb7+ Ke8 59. Qc8+ Ke7
60. Qc7+ Ke8 61. Qc8+ 1/2-1/2

[Event "53rd Rilton Cup 2025-26"]
[Site "Stockholm SWE"]
[Date "2025.12.27"]
[Round "1.20"]
[White "Bellon Lopez, Juan Manuel"]
[Black "Trost, Edvin"]
[Result "0-1"]
[WhiteTitle "GM"]
[BlackTitle "IM"]
[WhiteElo "2256"]
[BlackElo "2466"]
[WhiteFideId "2200031"]
[BlackFideId "1729519"]
[EventDate "2025.12.27"]

1. d4 e6 2. Nf3 Nf6 3. c4 h6 4. a3 d5 5. Nc3 c6 6. cxd5 exd5 7. Bf4 Bf5 8. e3
Nbd7 9. Bd3 Bxd3 10. Qxd3 Be7 11. O-O O-O 12. Rac1 Re8 13. Rfd1 Nf8 14. Bg3 Ne6
15. Nd2 Qd7 16. Be5 Ng4 17. Bg3 Rad8 18. h3 Nf6 19. Be5 Nh7 20. b4 Nhf8 21. Nb3
Ng6 22. Bg3 Bd6 23. Bxd6 Qxd6 24. Nc5 Re7 25. Ne2 Ng5 26. Ng3 Nh4 27. Nf5 Nxf5
28. Qxf5 b6 29. Nd3 Re4 30. f4 g6 31. Qg4 Ne6 32. Re1 h5 33. Qh4 Ng7 34. g4 f6
35. Nf2 Re7 36. Rc3 Rde8 37. gxh5 Nxh5 38. Ng4 Kg7 39. Rec1 Rc7 40. Qf2 Rec8 41.
Qf3 Kh8 42. Qf2 Kg7 43. Kg2 a6 44. Qf3 Kh8 45. Qf2 Kg7 46. Qf3 Qe6 47. Nf2 Kf8
48. f5 Qxf5 49. Qxf5 gxf5 50. Nd3 Ke7 51. Kf3 Kd6 52. Nf4 Rh8 53. a4 Nxf4 54.
Kxf4 Rxh3 55. Kxf5 Rf3+ 56. Kg6 Rf2 57. R1c2 Rf1 58. Rc1 Rf2 59. R1c2 Rf3 60. a5
b5 61. Rc1 Rc8 62. Rh1 Re8 63. Rhc1 Rg8+ 64. Kf7 Rc8 65. Kg6 Rf2 66. R1c2 Rg8+
67. Kh5 Rxc2 68. Rxc2 Rg3 69. Re2 f5 70. Kh4 Rg4+ 71. Kh5 Re4 72. Rf2 Rxe3 73.
Rxf5 Re4 74. Rf6+ Kd7 75. Rf7+ Ke6 76. Ra7 Kd6 77. Rxa6 Rxd4 78. Ra8 Rxb4 79. a6
Ra4 80. Kg5 Ke5 0-1

[Event "53rd Rilton Cup 2025-26"]
[Site "Stockholm SWE"]
[Date "2025.12.27"]
[Round "1.21"]
[White "Kavutskiy, Kostya"]
[Black "Bergman, Nils"]
[Result "1-0"]
[WhiteTitle "IM"]
[WhiteElo "2354"]
[BlackElo "2114"]
[WhiteFideId "2026384"]
[BlackFideId "1772007"]
[EventDate "2025.12.27"]

1. Nf3 Nf6 2. c4 e6 3. g3 d5 4. b3 d4 5. Bg2 Nc6 6. O-O e5 7. e3 Bg4 8. d3 Qd7
9. a3 dxe3 10. Bxe3 O-O-O 11. Nbd2 Qxd3 12. h3 Bh5 13. g4 Bg6 14. b4 e4 15. Nh4
Nd4 16. g5 Ne2+ 17. Kh1 Nc3 18. Qb3 Nh5 19. Rfe1 Ne2 20. Rxe2 Qxe2 21. Bf1 Ng3+
22. fxg3 Qh5 23. Re1 Bd6 24. Kg2 h6 25. Be2 hxg5 26. Bxh5 Rxh5 27. Nxg6 1-0

[Event "53rd Rilton Cup 2025-26"]
[Site "Stockholm SWE"]
[Date "2025.12.28"]
[Round "2.1"]
[White "Falkevall, Axel"]
[Black "Demchenko, Anton"]
[Result "1/2-1/2"]
[WhiteTitle "FM"]
[BlackTitle "GM"]
[WhiteElo "2365"]
[BlackElo "2631"]
[WhiteFideId "1735560"]
[BlackFideId "4160258"]
[EventDate "2025.12.27"]

1. d4 Nf6 2. c4 g6 3. Nc3 Bg7 4. e4 d6 5. Nf3 O-O 6. h3 e5 7. d5 Na6 8. Bg5 Qe8
9. g4 Kh8 10. Be2 Bd7 11. Rg1 c6 12. Nd2 cxd5 13. cxd5 Nc5 14. a4 Qe7 15. b4 Na6
16. Qb3 h6 17. Bh4 Rfb8 18. Nc4 Qf8 19. Ne3 Nc7 20. f3 b5 21. a5 Nh7 22. Bd3 Ng5
23. Bxg5 hxg5 24. O-O-O Bf6 25. Qb2 Kg7 26. h4 Qe7 27. h5 Rh8 28. Rh1 Rag8 29.
Ne2 Kf8 30. Kb1 Qd8 31. Rc1 Ke7 32. Ng3 Qb8 33. Rh3 Rc8 34. Rch1 Rcg8 35. Rc1
Rc8 36. Rch1 Rhg8 37. hxg6 fxg6 38. Rh7+ Kd8 39. Rf7 Ne8 40. Rhh7 Rc7 41. Qh2
Bg7 42. Qd2 Bc8 43. Rxc7 Kxc7 44. Nd1 Nf6 45. Qc1+ Kd7 46. Rh2 Ke7 47. Qxg5 Kf7
48. Qe3 Rh8 49. Rxh8 Bxh8 50. g5 Nh7 51. Ne2 Bd7 52. Ndc3 1/2-1/2